000 004610000a22001810004500
003 MACL
005 20151014121511.0
008 151014b xxu||||| |||| 00| 0 eng d
040 _aMACL
_cMACL
041 _aEnglish
082 _a920/LEE
100 _aLeelavathy, M.
_914715
245 _aEdassery Govindan Nair
_bMakers of Indian Literature
260 _bSahitya Akademi
_c1998
_aDelhi
350 _a25
650 _aBiography
_914716
942 _cBK
_k920
_2ddc
999 _c20789
_d20789